00486 a2200121 450000500170000002000220001708200210003910000180006024500610007826000510013930000550019085601190024520250613065256.0 a978-0-470-00991-8 aLECT 658.406 PAL aPALADINO, B.  aFive key principles of corporate performance management. aNew Jersey, bJohn Wiley & Sons, Inc., c2007. axiv, 386p.: ill.; figure, table. bIndex, c23cm.  yAccess online bookfFive key principles of corporate performance managementdhttp://www.wiley.com/go/permissions.